| 000 | 00414nam a2200145Ia 4500 | ||
|---|---|---|---|
| 008 | 240624s9999 xx 000 0 und d | ||
| 041 | _aeng | ||
| 082 | _a658.408 PLE | ||
| 100 | _aPLESSIS JEAN JACQUES DU | ||
| 245 | _aPRINCIPLES OF CONTEMPORARY CORPORATE GOV | ||
| 250 | _a(3rd ed.) | ||
| 260 |
_c2015 _aUnited Kingdom _bCambridge University Press |
||
| 300 | _axxxvii, : 563 : p. : cm. ; 24 | ||
| 365 |
_cBPS _b30 |
||
| 999 |
_c28666 _d28666 |
||